000 00927nac a22002897a 4500
001 BR0601797
003 BR-BrBNA
005 20240105123310.0
008 230509b bl.|||m| |||| 00| 0 por d
040 _aBR-BrBNA
_bpor
_cBiblioteca Nacional de Agricultura
041 _a(Pt)
072 _aK10
090 _aK10 BR0601797
110 1 _aInstituto Brasileiro de Geografia e Estatística, Rio de Janeiro, RJ (Brasil)
_95785
245 1 _aProdução e extração vegetal e da silvicultura
260 3 _aRio de Janeiro, RJ (Brasil):
_c2001.
300 _a353 p.
490 _aProdução da Extração Vegetal e da Silvicultura (Brazil)
_vv. 16
_xISSN 0103-8435
500 _a20 tables
650 _aPRODUTO FLORESTAL
650 _aREFLORESTAMENTO
650 _aSILVICULTURA
650 _aESTATÍSTICA DE PRODUÇÃO
650 _aPREÇO
909 _a202312
_bLúcia Elande
_c55
_dLúcia Elande
942 _2AGRIS
_n0
_cMS
999 _c294843
_d294843